000 00483nam a2200157 4500
999 _c4969
_d4969
008 160930b xxu||||| |||| 00| 0 eng d
022 _a16565649
082 _aDPer 303.405 H22 May-Sept 2015 n. 6-10
100 _915602
_aWanzi, Koh
245 _aSprucing up reality/
_cKoh Wanzi.
260 _aQuezon City:
_bHardware Zone Phils. Corp.,
_c©2015.
300 _av11 i8, page 91;
_c30 cm.
500 _aHWM Philippines.
650 0 _915603
_aComputer software
942 _2ddc
_cPER